| 000 | 01413nam a2200361 4500 | ||
|---|---|---|---|
| 001 | 208 | ||
| 003 | OSt | ||
| 005 | 20250528074014.0 | ||
| 008 | 250203b |||||||g |||| 00| 1 eng d | ||
| 020 | _a8572324593 | ||
| 040 | _bpor | ||
| 041 |
_heng _apor |
||
| 082 |
_a028.5 _bD754a |
||
| 100 | 1 |
_aDoyle, Arthur Conan, _d1859-1930 _9388 |
|
| 240 | _aThe adventures of Sherlock Holmes | ||
| 245 |
_aAs aventuras de Sherlock Holmes / _cDoyle, Arthur Conan ; Tradução de Jean Melville |
||
| 260 |
_aSão Paulo _bMartin Claret _c2002 |
||
| 300 | _a213 p. | ||
| 520 | _aEste livro contém nove histórias, onde o autor narra as mais eletrizantes aventuras do detetive inglês. De elevado conhecimento científico e raciocínio dedutivo, Sherlock Holmes é um detetive que desvenda crimes insolíveis. Nos livros de Conan Doyle há sempre um duelo entre o detetive e seu inimigo oculto, também dotado de inteligência rara, e o desenlace vem carregado de forte dose dramática. | ||
| 650 | 0 |
_aLiteratura Inglesa _989 |
|
| 650 | 0 |
_aAdaptação _9788 |
|
| 650 | 0 |
_aCrime e Investigação _913 |
|
| 650 | 0 |
_aRomance Policial _911 |
|
| 650 | 0 |
_aSuspense _910 |
|
| 650 | 0 |
_aMistério _942 |
|
| 650 | 0 |
_aClássicos _977 |
|
| 650 | 0 |
_aFilme _926 |
|
| 655 | 0 |
_aRomance _923 |
|
| 655 | 0 |
_aFicção _922 |
|
| 700 |
_aJean Melville _eTradutor _9390 |
||
| 830 |
_aA obra prima de cada autor _9391 |
||
| 942 |
_2ddc _n0 _cBK |
||
| 999 |
_c208 _d208 |
||